[Event "GER-chT U10"]
[Site "Magdeburg"]
[Date "2015.12.28"]
[Round "5.2"]
[White "Melzig, Rodrigo"]
[Black "Schenk, Jannik"]
[Result "1-0"]
[WhiteElo "984"]
[BlackElo "809"]
[PlyCount "103"]
[EventDate "2015.12.27"]
[EventType "team-swiss"]
[EventRounds "7"]
[EventCountry "GER"]
[SourceTitle "EXT 2017"]
[Source "ChessBase"]
[SourceDate "2016.10.25"]
[SourceVersion "1"]
[SourceVersionDate "2016.10.25"]
[SourceQuality "1"]
[WhiteTeam "Biberach"]
[BlackTeam "Berlin Schachpinguine"]
[WhiteTeamCountry "GER"]
[BlackTeamCountry "GER"]

1. e4 d5 2. exd5 Nf6 3. Nc3 c6 4. dxc6 Nxc6 5. Nf3 Bf5 6. d3 e5 7. Bg5 Bb4 8. a3 Bc5 9. g3 0-0 10. Bg2 h6 11. Bh4 Be7 12. 0-0 Nd7 13. Bxe7 Qxe7 14. Nd5 Qd6 15. Ne3 Bg4 16. Nxg4 Qe6 17. Ne3 Rad8 18. Qd2 e4 19. dxe4 Nb6 20. Qc3 Qxe4 21. Rad1 Na4 22. Qb3 Nc5 23. Qc4 Qe7 24. Nd5 Qd6 25. Ne3 Na5 26. Rxd6 Nxc4 27. Nxc4 b5 28. Rxd8 Rxd8 29. b4 Nb7 30. Na5 Nd6 31. Nh4 Nc8 32. Nb7 Rd7 33. Nf3 Rxb7 34. Nd4 Rd7 35. Nxb5 Ne7 36. Bh3 Rb7 37. Re1 Ng6 38. Nd6 Rc7 39. Re8+ Nf8 40. Bf5 Rc6 41. Ne4 g6 42. Bh3 Rxc2 43. a4 Ra2 44. Nf6+ Kg7 45. Nd7 Nh7 46. Re7 Ng5 47. Kg2 Rxa4 48. f4 Nxh3 49. Kxh3 Rxb4 50. Ne5 a5 51. Rxf7+ Kg8 52. Ra7 1-0

[Event "GER-chT U10"]
[Site "Magdeburg"]
[Date "2015.12.28"]
[Round "4.2"]
[White "Schenk, Jannik"]
[Black "Fuchs, Thomas1"]
[Result "1-0"]
[WhiteElo "809"]
[BlackElo "948"]
[PlyCount "103"]
[EventDate "2015.12.27"]
[EventType "team-swiss"]
[EventRounds "7"]
[EventCountry "GER"]
[SourceTitle "EXT 2017"]
[Source "ChessBase"]
[SourceDate "2016.10.25"]
[SourceVersion "1"]
[SourceVersionDate "2016.10.25"]
[SourceQuality "1"]
[WhiteTeam "Berlin Schachpinguine"]
[BlackTeam "Stade"]
[WhiteTeamCountry "GER"]
[BlackTeamCountry "GER"]

1. d4 d5 2. c4 e6 3. Nc3 Nf6 4. Bg5 Nbd7 5. cxd5 exd5 6. Nf3 Bb4 7. e3 0-0 8. Bd3 c6 9. 0-0 b6 10. e4 dxe4 11. Nxe4 Bb7 12. Qc1 c5 13. Qf4 Bxe4 14. Bxe4 Qe7 15. Ne5 Qe6 16. Bxf6 Nxf6 17. a3 Nxe4 18. Qxe4 Bd2 19. Rad1 Bg5 20. f4 Bf6 21. Qe3 Rad8 22. dxc5 bxc5 23. Rfe1 Rxd1 24. Rxd1 h6 25. Re1 Re8 26. Kf2 Bxe5 27. Qxe5 Kf8 28. Re3 Qxe5 29. Rxe5 Rxe5 30. fxe5 Ke7 31. Ke3 Ke6 32. Ke4 f5+ 33. exf6 gxf6 34. g4 a5 35. h4 Kd6 36. h5 Ke6 37. Kf4 Ke7 38. Kf5 Kf7 39. Ke4 Ke6 40. b3 Kd6 41. Kf5 Kd5 42. Kxf6 c4 43. bxc4+ Kxc4 44. g5 hxg5 45. Kxg5 Kb3 46. h6 Kxa3 47. h7 Kb3 48. h8Q a4 49. Qa1 a3 50. Kf4 a2 51. Ke4 Ka3 52. Kd3 1-0